Wird geladen...

Operational research for students of management

Bibliographische Detailangaben
1. Verfasser: Wilson, C
Format: Printed Book
Veröffentlicht: London, Intertext books 1970
Schlagworte:
LEADER 004620000a22001450004500
020 |a 0-7002-0159-9 
082 |a 658.40 34 L0 
100 |a Wilson, C 
245 |a Operational research for students of management 
260 |a London, Intertext books 
260 |c 1970 
650 |a Operations research 
942 |c BK 
999 |c 11533  |d 11533 
952 |0 0  |1 0  |4 0  |6 658_400000000000000_34_L0  |7 0  |8 ENG  |9 11329  |a MGUL  |b MGUL  |d 2013-07-16  |l 0  |o 658.40 34 L0  |p 16119  |r 2013-07-16  |w 2013-07-16  |y BK